00276nam a2200109Ia 4500100004200000654002500042245003900067260002700106082001300133300000800146546001200154 aWhitman/Michael E/ Mattord/Herbert J  ainformation security aPrinciples of information security bThomsan Learningc2003 a5.8bWHI a532 aENGLISH